000 00442nab a22001577a 4500
001 T027600010269-03
008 190830b xxu||||| |||| 00| 0 esp |
040 _aFEVP
_cFEVP
100 _aVargas E, Jorge Enrique.
245 _aAgricultura y transformación estructural una comparación internacional.
300 _app. 48-108
650 _aHábitos Alimenticios
650 _aCocina--Historia
650 _aAlimentos--Historia
942 _cANL
999 _c12989
_d12989